000 00344nam a2200133Ia 4500
005 20260328104335.0
008 260328s9999||||xx |||||||||||||| ||und||
100 _aKjeldsen, Marius
245 0 _aIndustrialized housing in denmark, 1965-76 /
_cMarius Kjeldsen
260 _bIkonorex
300 _a144 p.
650 _aARQUITECTURA
942 _cBK
999 _c11882
_d11882